00393nam a2200109Ia 45000010005000000080041000050200022000460820022000681000034000902450129001242600030002531443241024s9999 xx 000 0 und d a978-9945-421-36-1 aRD/972.9304/M516c aGustavo Adolfo Mejía Ricart 0aCrítica de nuestra história moderna primer período del estado libre en la parte española de la Isla de Santo Domingo bEd. Amigo del Hogarc2007